[Event "Wch Seniors 50 30th"]
[Site "Assisi"]
[Date "2022.11.15"]
[Round "1"]
[White "Young, Angelo"]
[Black "Ruiz Bellon, Manuel"]
[Result "0-1"]
[WhiteElo "2309"]
[BlackElo "1968"]
[PlyCount "62"]
[EventDate "2022.11.15"]
[EventType "swiss"]
[EventRounds "11"]
[EventCountry "ITA"]
[SourceTitle "CBM 211 Extra"]
[Source "ChessBase"]
[SourceDate "2023.01.31"]
[SourceVersion "1"]
[SourceVersionDate "2023.01.31"]
[SourceQuality "1"]

1. Nf3 d6 2. d4 f5 3. g3 Nf6 4. Bg2 g6 5. c3 Bg7 6. Qb3 e6 7. Ng5 d5 8. Nd2 0-0 9. h4 Nc6 10. Ndf3 Ne4 11. Be3 Na5 12. Qc2 Nc4 13. Bf4 c5 14. 0-0 h6 15. Nh3 cxd4 16. cxd4 Bd7 17. b3 Ncd6 18. Bxd6 Nxd6 19. Nf4 Rc8 20. Qb2 Kh7 21. Rac1 Qb6 22. Rfe1 Ne4 23. e3 Bb5 24. Ne5 Bxe5 25. dxe5 g5 26. hxg5 hxg5 27. Nh5 Kg6 28. Bxe4 fxe4 29. Nf6 Qa6 30. Qd2 Rxc1 31. Rxc1 Be2 0-1

[Event "Wch Seniors 50 29th"]
[Site "Bucharest"]
[Date "2019.11.19"]
[Round "7"]
[White "Young, Angelo"]
[Black "Nevednichy, Vladislav"]
[Result "0-1"]
[WhiteElo "2288"]
[BlackElo "2518"]
[PlyCount "127"]
[EventDate "2019.11.12"]
[EventType "swiss"]
[EventRounds "11"]
[EventCountry "ROU"]
[SourceTitle "CBM 193 Extra"]
[Source "ChessBase"]
[SourceDate "2020.01.31"]
[SourceVersion "1"]
[SourceVersionDate "2020.01.31"]
[SourceQuality "1"]

1. Nf3 Nf6 2. d4 e6 3. g3 d5 4. Bg2 b5 5. c3 Nbd7 6. a4 b4 7. c4 Be7 8. cxd5 exd5 9. Bf4 0-0 10. Nbd2 c5 11. Ne5 Nxe5 12. Bxe5 Ba6 13. 0-0 c4 14. Re1 Ng4 15. Bf4 f5 16. Nf3 Rc8 17. Qc2 g6 18. Red1 Re8 19. e3 Nf6 20. Bg5 b3 21. Qe2 Qa5 22. Bxf6 Bxf6 23. Qd2 Bd8 24. Ne5 Bb7 25. Qe2 Kg7 26. h4 Bf6 27. h5 Bxe5 28. dxe5 Rxe5 29. Rd4 Rce8 30. hxg6 hxg6 31. Qd1 R8e7 32. Bf3 Kf6 33. Kg2 Rh7 34. Rc1 a6 35. Ra1 Qc5 36. a5 Qf8 37. Qd2 g5 38. Qc3 Kg6 39. Kg1 Re4 40. Rad1 Qf6 41. Qb4 Rxd4 42. Rxd4 Rd7 43. Qd2 Bc6 44. Bg2 Qe7 45. Bf3 Qf6 46. Bg2 Kg7 47. Bf3 Kf8 48. Qb4+ Kg7 49. Qd2 Rb7 50. g4 Rf7 51. gxf5 Qxf5 52. Bh5 Rf6 53. Bg4 Qc2 54. Be2 Qxd2 55. Rxd2 Kf7 56. e4 Ke6 57. Bg4+ Ke5 58. exd5 Bxd5 59. Bc8 Rh6 60. f3 Bxf3 61. Rd8 c3 62. bxc3 b2 63. Re8+ Kf4 64. Bf5 0-1

[Event "Asian Continental op 17th"]
[Site "Makati"]
[Date "2018.12.10"]
[Round "1"]
[White "Young, Angelo"]
[Black "Tan, Zhongyi"]
[Result "0-1"]
[WhiteElo "2282"]
[BlackElo "2508"]
[PlyCount "68"]
[EventDate "2018.12.10"]
[EventType "swiss"]
[EventRounds "9"]
[EventCountry "PHI"]
[SourceTitle "CBM 187 Extra"]
[Source "ChessBase"]
[SourceDate "2018.11.04"]
[SourceVersion "1"]
[SourceVersionDate "2018.11.04"]
[SourceQuality "1"]

1. d4 Nf6 2. Nf3 e6 3. g3 b5 4. Bg2 Bb7 5. c3 Be7 6. a4 b4 7. 0-0 0-0 8. cxb4 Bxb4 9. a5 Na6 10. Bg5 Rb8 11. Qd3 Be7 12. Nc3 c5 13. Rfd1 Nb4 14. Qb1 c4 15. Bf4 d6 16. Qc1 a6 17. h3 Qc7 18. Bd2 Bc6 19. Ne1 Bxg2 20. Nxg2 Nc6 21. d5 Nxa5 22. Qc2 Nb3 23. Rxa6 Qb7 24. Ra4 Nd4 25. Qb1 Nxd5 26. Nxd5 Nxe2+ 27. Kh2 Qxd5 28. Be3 Rxb2 29. Qxb2 Qxd1 30. Ra1 c3 31. Qa2 c2 32. Qa4 Nc3 33. Qa7 Bf6 34. Nf4 Nb5 0-1

[Event "Asia-ch Seniors 9th"]
[Site "Tagaytay City"]
[Date "2018.11.05"]
[Round "3"]
[White "Torre, Eugenio"]
[Black "Young, Angelo"]
[Result "1-0"]
[WhiteElo "2449"]
[BlackElo "2281"]
[PlyCount "101"]
[EventDate "2018.11.04"]
[EventType "swiss"]
[EventRounds "9"]
[EventCountry "PHI"]
[SourceTitle "EXT 2021"]
[Source "ChessBase"]
[SourceDate "2020.10.23"]
[SourceVersion "1"]
[SourceVersionDate "2020.10.23"]
[SourceQuality "1"]

1. b3 d6 2. Bb2 Nd7 3. c4 Ngf6 4. g3 g6 5. Bg2 Bg7 6. d4 0-0 7. Nf3 d5 8. Nc3 c6 9. 0-0 Re8 10. Rc1 dxc4 11. bxc4 Nb6 12. Na4 Ne4 13. c5 Nd5 14. Ne5 Ng5 15. h4 Ne6 16. e4 Ndc7 17. d5 Bxe5 18. Bxe5 Nf8 19. Ba1 Bd7 20. Qd4 f6 21. Rfd1 Qc8 22. Nc3 Bg4 23. Rd2 Bh3 24. Bh1 Qg4 25. Qe3 Rad8 26. Ne2 Qc8 27. Nf4 Bg4 28. Qb3 Kg7 29. Qc3 Kf7 30. Re1 Nb5 31. Qb3 Kg7 32. e5 Nc7 33. d6 exd6 34. cxd6 Nce6 35. exf6+ Kh6 36. Qe3 g5 37. Nxe6 Nxe6 38. f7 Rf8 39. f3 Bf5 40. Rh2 Kg6 41. g4 Nf4 42. hxg5 Nd5 43. gxf5+ Qxf5 44. Qe4 Qxe4 45. fxe4 Nf4 46. e5 Ne6 47. Be4+ Kxf7 48. Rf1+ Kg8 49. Bxh7+ Kg7 50. Rf6 Nf4 51. e6 1-0

[Event "Charlotte CCCSA IM-A"]
[Site "Charlotte"]
[Date "2018.06.07"]
[Round "2"]
[White "Young, Angelo"]
[Black "Stearman, Josiah P"]
[Result "0-1"]
[WhiteElo "2275"]
[BlackElo "2285"]
[PlyCount "206"]
[EventDate "2018.06.06"]
[EventType "tourn"]
[EventRounds "9"]
[EventCountry "USA"]
[EventCategory "2"]
[SourceTitle "CBM 184 Extra"]
[Source "ChessBase"]
[SourceDate "2018.06.28"]
[SourceVersion "1"]
[SourceVersionDate "2018.06.28"]
[SourceQuality "1"]

1. d4 d5 2. Nf3 Nf6 3. g3 c6 4. Bg2 Bg4 5. h3 Bxf3 6. Bxf3 Nbd7 7. 0-0 e6 8. c4 Bd6 9. Qb3 Qc8 10. Nc3 0-0 11. Bg2 Re8 12. Rd1 Qc7 13. Be3 Rad8 14. Rac1 Qb8 15. Bg5 h6 16. Bxf6 Nxf6 17. e4 dxe4 18. Nxe4 Nxe4 19. Bxe4 Bc7 20. Qf3 Bb6 21. c5 Bc7 22. b4 Re7 23. Rd2 Be5 24. Rcd1 Red7 25. Qe3 Bf6 26. h4 Qa8 27. a4 a6 28. Kg2 Qb8 29. Bc2 Qc7 30. Qe4 Kf8 31. Bb3 h5 32. Bc4 g6 33. Qe3 Kg7 34. Be2 Ra8 35. Bf3 Rc8 36. Qc3 Rcd8 37. Qc4 Kh7 38. Be4 Bg7 39. Rd3 Bf6 40. Bf3 Bg7 41. Be4 Bf6 42. f4 Bxh4 43. gxh4 Qxf4 44. Bf3 Qxh4 45. Qc3 Qg5+ 46. Kf1 Qf5 47. Ke2 Re7 48. Re3 Red7 49. Re4 f6 50. Qd3 e5 51. Rh4 Qxd3+ 52. Rxd3 exd4 53. Rb3 f5 54. b5 axb5 55. axb5 Re8+ 56. Kd2 Re5 57. bxc6 bxc6 58. Bxc6 Rc7 59. Bf3 Rexc5 60. Rxd4 Kh6 61. Bd1 Rc4 62. Rd8 h4 63. Rf3 Rg4 64. Rf2 Rg3 65. Rh8+ Kg5 66. Bc2 Rd7+ 67. Ke2 Rd5 68. Rh2 Rg4 69. Rg8 Rc5 70. Bd3 Re5+ 71. Kd2 Ra5 72. Bc2 Rd5+ 73. Ke2 Rc5 74. Bb3 Rb5 75. Bc2 Rc5 76. Bd3 Rg3 77. Rd8 Re5+ 78. Kf2 Ra5 79. Be2 Ra4 80. Bf3 Ra2+ 81. Be2 Ra4 82. Bf3 Rb4 83. Rd2 Rb3 84. Bd1 Rbd3 85. Rxd3 Rxd3 86. Rg2+ Kf6 87. Be2 Rc3 88. Rg1 g5 89. Rd1 g4 90. Rd6+ Kg5 91. Bd3 Rc5 92. Rd8 Re5 93. Rd7 Ra5 94. Ke3 f4+ 95. Ke4 Ra4+ 96. Ke5 h3 97. Rg7+ Kh4 98. Bb5 Rb4 99. Bc6 Kg3 100. Ra7 f3 101. Ra1 h2 102. Kf5 Rb2 103. Kg5 Rg2 0-1

[Event "Charlotte CCCSA Spring IM"]
[Site "Charlotte"]
[Date "2018.03.29"]
[Round "3"]
[White "Young, Angelo"]
[Black "Sinha, Sahil"]
[Result "1/2-1/2"]
[WhiteElo "2260"]
[BlackElo "2246"]
[PlyCount "120"]
[EventDate "2018.03.28"]
[EventType "tourn"]
[EventRounds "9"]
[EventCountry "USA"]
[EventCategory "3"]
[SourceTitle "CBM 183 Extra"]
[Source "ChessBase"]
[SourceDate "2018.04.19"]
[SourceVersion "1"]
[SourceVersionDate "2018.04.19"]
[SourceQuality "1"]

1. d4 Nf6 2. Nf3 e6 3. g3 b6 4. Bg2 Bb7 5. 0-0 Be7 6. a4 a5 7. c4 0-0 8. Nc3 Ne4 9. Qc2 Nxc3 10. bxc3 f5 11. Nd2 Bxg2 12. Kxg2 c5 13. Rd1 cxd4 14. cxd4 Nc6 15. Bb2 Rc8 16. Rac1 d6 17. Qb3 Nb4 18. Ba3 d5 19. Bxb4 Bxb4 20. Nf3 Qd6 21. cxd5 exd5 22. e3 Rfd8 23. Ne5 g6 24. Rc2 Ba3 25. Rdd2 Kg7 26. Rxc8 Rxc8 27. Rc2 Rxc2 28. Qxc2 Qe6 29. Qc7+ Kg8 30. Qd8+ Kg7 31. h4 Bb4 32. Qc7+ Kg8 33. Qb8+ Kg7 34. Kf1 Ba3 35. Ke2 Bb4 36. Qc7+ Kg8 37. Qb7 Ba3 38. Kd3 Bb4 39. Qd7 Qxd7 40. Nxd7 Kf7 41. Nxb6 Ke6 42. Nc8 Kd7 43. Na7 h6 44. Nb5 g5 45. hxg5 hxg5 46. f3 g4 47. fxg4 fxg4 48. Nc3 Ke6 49. e4 dxe4+ 50. Nxe4 Kf5 51. Nc3 Bd6 52. Ne2 Bc7 53. Ke3 Bd6 54. Nf4 Bb8 55. Nh5 Kg6 56. Nf4+ Kf5 57. Ne2 Bd6 58. Kd3 Bc7 59. Ke3 Bd6 60. Nf4 Bb8 1/2-1/2

[Event "Charlotte CCCSA Winter IM"]
[Site "Charlotte"]
[Date "2018.01.13"]
[Round "5"]
[White "Young, Angelo"]
[Black "Stremavicius, Titas"]
[Result "0-1"]
[WhiteElo "2273"]
[BlackElo "2432"]
[PlyCount "62"]
[EventDate "2018.01.11"]
[EventType "tourn"]
[EventRounds "9"]
[EventCountry "USA"]
[EventCategory "2"]
[SourceTitle "CBM 182 Extra"]
[Source "ChessBase"]
[SourceDate "2018.02.23"]
[SourceVersion "1"]
[SourceVersionDate "2018.02.23"]
[SourceQuality "1"]

1. d4 f5 2. g3 Nf6 3. Bg2 g6 4. h4 d6 5. c3 c6 6. Nh3 Bg7 7. Qb3 e5 8. dxe5 dxe5 9. Ng5 Qe7 10. Be3 Na6 11. Qa4 e4 12. Na3 h6 13. Nh3 Be6 14. 0-0-0 Bxa2 15. Nb5 Bd5 16. Nd4 Nc5 17. Qc2 Qf7 18. Nf4 Nb3+ 19. Kb1 Nxd4 20. Rxd4 Ba2+ 21. Kc1 Bb3 22. Qd2 Nd5 23. Bxe4 Bxd4 24. Bxd4 Nf6 25. Bd3 0-0-0 26. Bxa7 Ne4 27. Qe3 g5 28. Nh3 Qd5 29. f3 Nxg3 30. Re1 Rhe8 31. Qd4 Qa5 0-1

[Event "Saint Louis SPICE Cup op 11th"]
[Site "Saint Louis"]
[Date "2017.10.26"]
[Round "9.18"]
[White "Young, Angelo"]
[Black "Yoo, Christopher Woojin"]
[Result "0-1"]
[WhiteElo "2292"]
[BlackElo "2194"]
[PlyCount "142"]
[EventDate "2017.10.21"]
[EventType "swiss"]
[EventRounds "9"]
[EventCountry "USA"]
[SourceTitle "CBM 181 Extra"]
[Source "ChessBase"]
[SourceDate "2017.12.12"]
[SourceVersion "1"]
[SourceVersionDate "2017.12.12"]
[SourceQuality "1"]

1. e4 c5 2. Nf3 d6 3. Nc3 Nf6 4. Bb5+ Bd7 5. Bxd7+ Qxd7 6. 0-0 Nc6 7. d3 e6 8. Nd2 Be7 9. f4 0-0 10. h3 Ne8 11. Kh1 Nc7 12. Ne2 f5 13. c3 Kh8 14. a4 b6 15. Nf3 fxe4 16. dxe4 d5 17. Be3 Qe8 18. e5 Qg6 19. Qb1 Qxb1 20. Rfxb1 Rab8 21. g4 g5 22. Rf1 d4 23. cxd4 Nd5 24. Bg1 gxf4 25. Rac1 Ncb4 26. Rfd1 Ne3 27. Rd2 c4 28. Nc3 Nd3 29. Rb1 Bb4 30. Re2 Bxc3 31. bxc3 Nd5 32. Rc2 h6 33. g5 Rf5 34. h4 h5 35. Kh2 Kg7 36. g6 Kxg6 37. Bf2 Ne3 38. Rg1+ Kh6 39. Rd2 Nxf2 40. Rxf2 Ng4+ 41. Kg2 Nxf2 42. Kxf2 b5 43. Rb1 a6 44. Nd2 Rf7 45. Ne4 Rg7 46. Nc5 Rb6 47. Ne4 Rg4 48. Nf6 Rg3 49. Nd7 Rc6 50. axb5 axb5 51. Rxb5 Ra6 52. Rb2 Rxc3 53. Nc5 Raa3 54. d5 Rf3+ 55. Kg2 Rg3+ 56. Kf2 Raf3+ 57. Ke2 Re3+ 58. Kf2 Rxe5 59. Nxe6 Rb3 60. Ra2 Rxd5 61. Ra6 Rdb5 62. Nd4+ Rb6 63. Ra5 Rd3 64. Nf5+ Kg6 65. Ne7+ Kf7 66. Nd5 Rb2+ 67. Ke1 Rb1+ 68. Ke2 f3+ 69. Kf2 Rb2+ 70. Kg3 f2+ 71. Kg2 f1Q+ 0-1